00706nam a2200181 a 450000100100000000500170001000800410002704000250006808200160009310000440010924500520015326000370020530000220024204900090026495201140027395201200038799900170050700003198520200930063332.0110707s1969 dr 000 0 spa d aDO-SdBNPbspacBNPHU axxxxbA594c1 aÁngulo López, Lilianod1919-95814610aCarta a una isla / :bLiliano Ángulo López. aSanto Domingo :b[s. n.],c1969. a[22 p.] ;c21 cm. aBNPD 0010718PDaPDbPDcCTd2011-07-07iLF1l0oxxxx A594cp31985-10r2020-06-25w2020-06-25yLFPDZNo se presta 0010718PDaPDbPDcCTd2011-07-07iLF1l0oxxxx A594cp31985-20r2020-06-25te. 2w2020-06-25yLFPDZNo se presta c31476d31476